000 00352nam a22001577a 4500
003 SGT
020 _a978-93-5316-481-2
082 _a658.5
_bCHA
100 _aCHARY, S.N.
245 _aPRODUCTION AND OPERATIONS MANAGEMENT
250 _a6TH
260 _aINDIA
_bMC GRAW HILL
_c2023
300 _a32.1
650 _aMANAGEMENT
942 _2ddc
_cBK
999 _c25715
_d25715